000 00661cam a22002173a 4500
001 42933
003 PGUSA
005 20140828083956.0
008 130613s2013||||xxu|||||s|||||000 | eng d
040 _aPGUSA
_beng
042 _adc
100 1 _aPlotinos
_q(Plotinus)
245 1 0 _aPlotinos :
_bComplete Works, v. 4 : In Chronological Order, Grouped in Four Periods
_h[electronic resource] /
_cPlotinos
260 _bProject Gutenberg,
_c2013
506 _aPublic domain in the USA.
516 _aElectronic text
700 1 _aGuthrie, Kenneth Sylvan
830 0 _aProject Gutenberg
_v42933
856 4 0 _uhttp://www.gutenberg.org/ebooks/42933
942 _cEB
999 _c272185
_d272185